00650nam a2200169 a 450000100100000000500170001000800410002704000250006824500410009326000690013430000210020349000320022471000630025683000390031995201050035899900170046300004006420201002033909.0130805s2001 hm 000 0 spa d aDO-SdBNPbspacBNPHU00aAnuario bibliografico nacional 1999. aTegucigalpa :bSecretaría de Cultura, Artes y Deportes,c2001. a117 p. ;c21 cm.1 aBibliográfica hondureña2 aSecretaría de Cultura, Artes y Deportes (Hondura)966320 0aBibliográfica hondureña966321 001050718MOaPDbPDcCTd2013-08-05iLF1l0o p40064-10r2020-06-25w2020-06-25y1ZNo se presta c39554d39554